Normal view
MARC view
Entry Personal Name
001 - CONTROL NUMBER
- control field: 1238106
003 - CONTROL NUMBER IDENTIFIER
- control field: OSt
005 - DATE AND TIME OF LATEST TRANSACTION
- control field: 20260430150640.0
008 - FIXED-LENGTH DATA ELEMENTS
- fixed length control field: 260430|| aca||aabn | a|a d
040 ## - CATALOGING SOURCE
- Original cataloging agency: OSt
- Transcribing agency: OSt
100 ## - HEADING--PERSONAL NAME
- Personal name: Pokhriyal Shruti Au.; Kalra Mani Bhasin Gu.; Bhargava Vinita Gu
670 ## - SOURCE DATA FOUND
- Source citation: Work cat.: (OSt)1850298: Pokhriyal Shruti Au.; Kalra Mani Bhasin Gu.; Bhargava Vinita Gu., Mental Health: Perspectives and Experiences of Youth in Delhi-NCR, 2023
